[Event "Kiev Spring op"]
[White "Toroptseva, Yevheniia"]
[Black "Chernozem, S."]
[Site "Kiev"]
[Round "7"]
[Result "1/2-1/2"]
[Date "2021.07.15"]
[WhiteElo "1655"]
[BlackElo "1952"]
[PlyCount "83"]
[EventDate "2021.07.10"]
[EventType "swiss"]
[EventRounds "9"]
[EventCountry "UKR"]
[SourceTitle "EXT 2024"]
[Source "ChessBase"]
[SourceDate "2023.10.10"]
[SourceVersion "1"]
[SourceVersionDate "2023.10.10"]
[SourceQuality "1"]

1. e4 c5 2. Nf3 e6 3. d4 cxd4 4. Nxd4 a6 5. c4 Nf6 6. Nc3 Qc7 7. Bg5 Be7 8. f4 d6 9. Be2 h6 10. Bxf6 Bxf6 11. Nf3 Nd7 12. Qc2 b6 13. 0-0-0 Bb7 14. Nd4 0-0-0 15. Ndb5 axb5 16. Nxb5 Qc5 17. Nxd6+ Kb8 18. Nxb7 Kxb7 19. e5 Nxe5 20. fxe5 Qxe5 21. Bf3+ Kc7 22. Rhe1 Rxd1+ 23. Rxd1 Rd8 24. Rxd8 Kxd8 25. Qe2 Qxh2 26. Qd3+ Ke7 27. Qa3+ Qd6 28. Qa7+ Kf8 29. Qa8+ Bd8 30. Qc6 Qd3 31. b3 g6 32. Qe4 Bg5+ 33. Kb2 Qd2+ 34. Qc2 Bf6+ 35. Kb1 Qd4 36. Kc1 h5 37. b4 Be7 38. Qb3 Bg5+ 39. Kb1 Qd2 40. Qb2 Qd3+ 41. Qc2 Qa3 42. Qb2 1/2-1/2